Universitätklinik und Poliklinik für Mund-, Zahn- und Kieferkrankheiten Bonn : Festschrift zur Einweihung am 18. November 1960 /

保存先:
書誌詳細
団体著者: Universitätklinik und Poliklinik
フォーマット: 図書
言語:German
出版事項: Bonn, Alemania : Universitätklinik und Poliklinik, 1960, c1960
タグ: タグ追加
タグなし, このレコードへの初めてのタグを付けませんか!

MARC

LEADER 00000nam^a2200000^a^4500
001 000559578
005 20250526000000.0
009 20260310131844.878
037 |a Acervo ITESO - Biblioteca 
041 |a ALE 
091 |a FHA. 02424 
110 |a Universitätklinik und Poliklinik 
245 1 0 |a Universitätklinik und Poliklinik für Mund-, Zahn- und Kieferkrankheiten Bonn :  |b Festschrift zur Einweihung am 18. November 1960 / 
264 4 |a Bonn, Alemania :  |b Universitätklinik und Poliklinik,  |c 1960, c1960 
300 |a 59 p. ;  |c 20.0 cm. 
336 |a texto  |b txt  |2 rdacontenido 
337 |a sin mediación  |b n  |2 rdamedio 
338 |a volumen  |b nc  |2 rdasoporte 
515 |a Inventario familia Hartung: 3365 
649 |a XX 
910 |a Fondo Horst Hartung Franz 
920 |a Impresos - Libros 
930 |a Libros Antiguos y Raros 
905 |a 135 
901 |a 0500335626  |b IT2  |c LRA  |i D  |u 20250526 
902 |a https://opac.biblio.iteso.mx/vufind/Record/000559578